Normal view
MARC view
Entry Personal Name
001 - CONTROL NUMBER
- control field: 24119
003 - CONTROL NUMBER IDENTIFIER
- control field: ARRUPE
005 - DATE AND TIME OF LATEST TRANSACTION
- control field: 20160427114526.0
008 - FIXED-LENGTH DATA ELEMENTS
- fixed length control field: 160427|| aca||aabn | a|a d
040 ## - CATALOGING SOURCE
- Original cataloging agency: ARRUPE
- Transcribing agency: ARRUPE
100 ## - HEADING--PERSONAL NAME
- Personal name: Van Rensburg, A. P. J.
670 ## - SOURCE DATA FOUND
- Source citation: Work cat.: (ARRUPE)0: Van Rensburg, A. P. J., Contemporary leaders of Africa /, 1975.